00789cam a22002651 4500001001300000003000400013005001700017008004100034010001700075035002000092040001800112042001200130050001800142100004500160245008800205250001200293260001000305300002300315440006100338500001400399630002200413700003200435740003900467999001700506sa 65000971 DLC20260227112106.0890509m19629999ii c 000 0 hino  asa 65000971  a(OCoLC)19683385 aDLCcWaUdDLC apremarc00aBL1130b.C4741 aChaturvedi, Giridhar Sharma,d1881-1966.10aGītā pravacana Gītā vyākhyāna mālā.cGeneral editor V. S. Agrawala. a1st ed. c1962- av.bports.c26 cm. 0aHindu Vishvavidyalaya Nepal Rajya Sanskrit series;vv. 4 aIn Hindi.00aBhagavadgītā.1 aAgrawala, Vasudeva Sharana.0 aSrī Gītā pravacana mālā. c61844d61844